[Event "Budapest FS08 FM-A2"]
[Site "Budapest"]
[Date "2012.08.12"]
[Round "9"]
[White "Darazs, Zoltan"]
[Black "Kwapinski, Leszek"]
[Result "1/2-1/2"]
[WhiteElo "2157"]
[BlackElo "2088"]
[PlyCount "88"]
[EventDate "2012.08.04"]
[EventType "tourn"]
[EventRounds "10"]
[EventCountry "HUN"]
[SourceTitle "CBM 149 Extra"]
[Source "ChessBase"]
[SourceDate "2012.08.24"]
[SourceVersion "1"]
[SourceVersionDate "2012.08.24"]
[SourceQuality "1"]

1. e4 c5 2. Nf3 Nc6 3. d4 cxd4 4. Nxd4 Qb6 5. Nb3 e6 6. Nc3 a6 7. Be3 Qc7 8. Qd2 Nf6 9. Bf4 d6 10. 0-0-0 Ne5 11. Kb1 Be7 12. Bg5 Ned7 13. f3 0-0 14. g4 b5 15. Bxf6 Nxf6 16. g5 Nd7 17. f4 Bb7 18. Bg2 b4 19. Ne2 a5 20. f5 exf5 21. Ng3 fxe4 22. Bxe4 Bxe4 23. Nxe4 a4 24. Nd4 b3 25. cxb3 axb3 26. a3 d5 27. Nb5 Qc6 28. Nec3 Nb6 29. Rhe1 Bc5 30. Nd4 Qg6+ 31. Qd3 Qxg5 32. Nxb3 Bxa3 33. bxa3 Rxa3 34. Nb5 Ra4 35. Rg1 Qe5 36. Qc3 Qxc3 37. Nxc3 Ra3 38. Kc2 Nc4 39. Nxd5 Ra2+ 40. Kc3 Ne5 41. Ne7+ Kh8 42. Rd5 Nf3 43. Rf1 Nxh2 44. Rxf7 Raa8 1/2-1/2

[Event "Rilton Cup 41st"]
[Site "Stockholm"]
[Date "2012.01.05"]
[Round "9"]
[White "Johansson, Gunnar"]
[Black "Kwapinski, Leszek"]
[Result "1-0"]
[WhiteElo "2238"]
[BlackElo "2051"]
[PlyCount "81"]
[EventDate "2011.12.27"]
[EventType "swiss"]
[EventRounds "9"]
[EventCountry "SWE"]
[SourceTitle "CBM 146 Extra"]
[Source "ChessBase"]
[SourceDate "2012.02.29"]
[SourceVersion "1"]
[SourceVersionDate "2012.02.29"]
[SourceQuality "1"]

1. d4 Nf6 2. c4 g6 3. Nc3 d5 4. cxd5 Nxd5 5. g3 Bg7 6. Bg2 c6 7. Nf3 0-0 8. 0-0 b6 9. Re1 Bb7 10. e4 Nxc3 11. bxc3 c5 12. Bb2 cxd4 13. cxd4 Nc6 14. Rb1 Na5 15. d5 Bxb2 16. Rxb2 Rc8 17. Qd2 e6 18. Qh6 Qf6 19. Ng5 Qg7 20. Qxg7+ Kxg7 21. dxe6 f6 22. Nf3 Rc4 23. Rd2 Rxe4 24. Rd7+ Kg8 25. Rxe4 Bxe4 26. Rxa7 Nc6 27. Ra6 Rb8 28. Nd2 Bxg2 29. Kxg2 Nd4 30. Ne4 Nxe6 31. Nxf6+ Kg7 32. Nd7 Rb7 33. Rxb6 Rxd7 34. Rxe6 Ra7 35. Re2 Ra3 36. Re7+ Kh6 37. h4 Rxa2 38. g4 Ra5 39. g5+ Kh5 40. Kg3 h6 41. Rh7 1-0

[Event "Rilton Cup 41st"]
[Site "Stockholm"]
[Date "2012.01.03"]
[Round "7"]
[White "Bergstrom, Rolf"]
[Black "Kwapinski, Leszek"]
[Result "1-0"]
[WhiteElo "2301"]
[BlackElo "2051"]
[PlyCount "107"]
[EventDate "2011.12.27"]
[EventType "swiss"]
[EventRounds "9"]
[EventCountry "SWE"]
[SourceTitle "CBM 146 Extra"]
[Source "ChessBase"]
[SourceDate "2012.02.29"]
[SourceVersion "1"]
[SourceVersionDate "2012.02.29"]
[SourceQuality "1"]

1. e4 c5 2. Nf3 Nc6 3. Bb5 g6 4. Bxc6 dxc6 5. d3 Bg7 6. h3 Nf6 7. Nc3 c4 8. d4 b5 9. a3 0-0 10. 0-0 Bb7 11. e5 Nd7 12. Bf4 Qb6 13. Qd2 Rfd8 14. Rad1 c5 15. dxc5 Nxc5 16. Qe2 Ne6 17. Bg3 Qc6 18. Qe3 a6 19. Ne2 Rd5 20. Nc3 Rdd8 21. Ne2 a5 22. Ned4 Rxd4 23. Rxd4 Bh6 24. Bf4 Nxf4 25. Rxf4 Rd8 26. Ne1 Rd1 27. Rxc4 Qxc4 28. Qxh6 Qe4 29. Nf3 Qe2 30. Rxd1 Qxd1+ 31. Kh2 Bxf3 32. gxf3 Qxf3 33. Qd2 Kg7 34. Qd4 e6 35. b3 g5 36. a4 bxa4 37. bxa4 Qf4+ 38. Qxf4 gxf4 39. c4 f5 40. Kg2 Kf7 41. Kf3 Ke7 42. Kxf4 h6 43. Ke3 Kd7 44. Kd4 Kc6 45. c5 f4 46. f3 Kd7 47. Kc4 Kc6 48. h4 h5 49. Kd4 Kd7 50. Ke4 Kc6 51. Kxf4 Kxc5 52. Kg5 Kb4 53. f4 Kxa4 54. f5 1-0

[Event "Rilton Cup 41st"]
[Site "Stockholm"]
[Date "2011.12.29"]
[Round "3"]
[White "Kwapinski, Leszek"]
[Black "Henriksson, Johan"]
[Result "0-1"]
[WhiteElo "2051"]
[BlackElo "2295"]
[PlyCount "94"]
[EventDate "2011.12.27"]
[EventType "swiss"]
[EventRounds "9"]
[EventCountry "SWE"]
[SourceTitle "CBM 146 Extra"]
[Source "ChessBase"]
[SourceDate "2012.02.29"]
[SourceVersion "1"]
[SourceVersionDate "2012.02.29"]
[SourceQuality "1"]

1. e4 c6 2. d4 d5 3. exd5 cxd5 4. c4 Nf6 5. Nc3 e6 6. Nf3 Be7 7. Bf4 0-0 8. Bd3 dxc4 9. Bxc4 a6 10. 0-0 b5 11. Bb3 Bb7 12. Re1 b4 13. Na4 Nbd7 14. Ne5 Nxe5 15. dxe5 Nd5 16. Be3 Qa5 17. Bxd5 Bxd5 18. Nb6 Rad8 19. Qg4 Rfe8 20. Nxd5 Rxd5 21. f4 Bc5 22. Kh1 Red8 23. f5 exf5 24. Qxf5 Bxe3 25. Rxe3 Qxa2 26. Rf1 Rd1 27. Ree1 Rxe1 28. Rxe1 a5 29. h4 Qe6 30. Qc2 Rc8 31. Rd1 h5 32. Qe2 g6 33. Rd6 Qc4 34. Qf2 Re8 35. Qf6 Qc1+ 36. Kh2 Qxb2 37. Rd8 Rxd8 38. Qxd8+ Kh7 39. Qd5 Qf2 40. Qxa5 Qxh4+ 41. Kg1 Qd4+ 42. Kh2 b3 43. Qc7 Qf4+ 44. Kg1 b2 45. Qb7 Qe3+ 46. Kf1 Qd3+ 47. Kf2 Qf5+ 0-1

[Event "Rilton Cup 41st"]
[Site "Stockholm"]
[Date "2011.12.27"]
[Round "1"]
[White "Frisk, Ellinor"]
[Black "Kwapinski, Leszek"]
[Result "1-0"]
[WhiteElo "2184"]
[BlackElo "2051"]
[PlyCount "61"]
[EventDate "2011.12.27"]
[EventType "swiss"]
[EventRounds "9"]
[EventCountry "SWE"]
[SourceTitle "CBM 146 Extra"]
[Source "ChessBase"]
[SourceDate "2012.02.29"]
[SourceVersion "1"]
[SourceVersionDate "2012.02.29"]
[SourceQuality "1"]

1. e4 c5 2. Nc3 Nc6 3. Bb5 Nd4 4. Bc4 e6 5. Nge2 a6 6. a4 b6 7. Nxd4 cxd4 8. Ne2 Bb7 9. d3 d5 10. exd5 Bxd5 11. Bxd5 Qxd5 12. 0-0 Bd6 13. c4 dxc3 14. Nxc3 Qe5 15. g3 Nf6 16. Re1 Qh5 17. Qxh5 Nxh5 18. Be3 Rb8 19. d4 Kd7 20. d5 e5 21. Rec1 f5 22. Kf1 h6 23. Ke2 Nf6 24. h3 Rhc8 25. f4 e4 26. g4 g6 27. Rg1 Bb4 28. gxf5 Bxc3 29. bxc3 Nxd5 30. Rad1 Kc6 31. Rxg6+ 1-0

[Event "DEN-ch cand"]
[Site "Odense"]
[Date "2011.04.23"]
[Round "5"]
[White "Kwapinski, Leszek"]
[Black "Kryger, Oksana"]
[Result "1-0"]
[WhiteElo "2028"]
[BlackElo "2204"]
[PlyCount "77"]
[EventDate "2011.04.19"]
[EventType "swiss"]
[EventRounds "7"]
[EventCountry "DEN"]
[SourceTitle "EXT 2018"]
[Source "ChessBase"]
[SourceDate "2017.10.13"]
[SourceVersion "1"]
[SourceVersionDate "2017.10.13"]
[SourceQuality "1"]

1. f4 Nf6 2. Nf3 d5 3. d3 b6 4. c3 Bb7 5. Qc2 Nbd7 6. g3 g6 7. Bg2 Bg7 8. 0-0 0-0 9. Ne5 c5 10. e3 Ne8 11. d4 f6 12. Nxd7 Qxd7 13. f5 gxf5 14. Rxf5 e6 15. Rf2 Nd6 16. b3 Rac8 17. Qd1 Bh6 18. dxc5 bxc5 19. c4 d4 20. Bxb7 Nxb7 21. Nc3 f5 22. exd4 Bxc1 23. Rxc1 cxd4 24. Ne2 e5 25. Nc3 Nc5 26. Nd5 d3 27. b4 Ne4 28. Qxd3 Qg7 29. Re2 h5 30. Rg2 Rfd8 31. Qf1 Ng5 32. h4 Nh7 33. Qxf5 Rc6 34. Qxh5 Nf8 35. Rf1 Nh7 36. Qe2 Rg6 37. Kh2 Nf8 38. Qe4 Nh7 39. Qxg6 1-0

[Event "Werther Schloss op-B 14th"]
[Site "Werther"]
[Date "2008.03.14"]
[Round "1"]
[White "Kwapinski, Leszek"]
[Black "Wenzel, Birger"]
[Result "1-0"]
[WhiteElo "2000"]
[BlackElo "1863"]
[PlyCount "47"]
[EventDate "2008.03.14"]
[EventType "swiss"]
[EventRounds "5"]
[EventCountry "GER"]
[SourceTitle "EXT 2010"]
[Source "ChessBase"]
[SourceDate "2010.11.25"]
[SourceVersion "1"]
[SourceVersionDate "2010.11.25"]
[SourceQuality "1"]

1. e4 c6 2. d4 d5 3. exd5 cxd5 4. c4 Nf6 5. Nc3 e6 6. Nf3 Be7 7. Bf4 dxc4 8. Bxc4 0-0 9. 0-0 Nc6 10. Rc1 Nb4 11. Re1 Nbd5 12. Bg5 Nb6 13. Bb3 Nfd5 14. Bd2 Bf6 15. Ne4 Bd7 16. Nxf6+ Nxf6 17. Bg5 Bc6 18. Ne5 Bd5 19. Bc2 Rc8 20. Qd3 g6 21. Qh3 Rxc2 22. Rxc2 Bc6 23. Qh4 Nbd5 24. Ng4 1-0

[Event "Werther Schloss op-B 13rd"]
[Site "Werther"]
[Date "2007.04.01"]
[Round "4"]
[White "Kwapinski, Leszek"]
[Black "Held, Benjamin"]
[Result "1/2-1/2"]
[WhiteElo "2030"]
[BlackElo "1833"]
[PlyCount "83"]
[EventDate "2007.03.30"]
[EventType "swiss"]
[EventRounds "5"]
[EventCountry "GER"]
[SourceTitle "EXT 2008"]
[Source "ChessBase"]
[SourceDate "2007.11.25"]
[SourceVersion "1"]
[SourceVersionDate "2007.11.25"]
[SourceQuality "1"]

1. e4 e5 2. f4 d5 3. exd5 e4 4. d3 exd3 5. Qxd3 Nf6 6. c4 Bc5 7. Qe2+ Qe7 8. Qxe7+ Kxe7 9. Nc3 Re8 10. Be2 Kf8 11. Nf3 c6 12. dxc6 Nxc6 13. a3 Bg4 14. Kf1 Rad8 15. b4 Bxf3 16. Bxf3 Rd3 17. Nb5 a6 18. bxc5 axb5 19. cxb5 Nd4 20. Kf2 Ne4+ 21. Bxe4 Rxe4 22. Re1 Rxe1 23. Kxe1 Rb3 24. Ra2 Rxb5 25. a4 Rb1 26. Kd2 Nb3+ 27. Kc2 Rxc1+ 28. Kxb3 Rxc5 29. Kb4 Rf5 30. g3 Ke7 31. Re2+ Kd7 32. Re5 Rf6 33. Kb5 g6 34. a5 h5 35. Rg5 Kc7 36. h3 Kd7 37. f5 Kc7 38. g4 hxg4 39. hxg4 gxf5 40. Rxf5 Rxf5+ 41. gxf5 f6 42. Kc5 1/2-1/2

[Event "Werther Schloss op-B 12th"]
[Site "Werther"]
[Date "2006.04.09"]
[Round "4"]
[White "Kwapinski, Leszek"]
[Black "Boehme, Andre"]
[Result "1/2-1/2"]
[WhiteElo "1931"]
[BlackElo "1873"]
[PlyCount "137"]
[EventDate "2006.04.07"]
[EventType "swiss"]
[EventRounds "5"]
[EventCountry "GER"]
[SourceTitle "EXT 2008"]
[Source "ChessBase"]
[SourceDate "2007.11.25"]
[SourceVersion "1"]
[SourceVersionDate "2007.11.25"]
[SourceQuality "1"]

1. e4 c5 2. Nf3 e6 3. d4 cxd4 4. Nxd4 Nc6 5. Nb5 d6 6. Bf4 e5 7. Be3 Nf6 8. N5c3 Be7 9. Bg5 h6 10. Bxf6 Bxf6 11. Nd5 0-0 12. Nd2 Be6 13. Bc4 Rc8 14. 0-0 Na5 15. b3 Bg5 16. Be2 Nc6 17. Nf3 a6 18. a4 Be7 19. c3 Bxd5 20. Qxd5 Qc7 21. Rac1 Nd8 22. Rfd1 Ne6 23. b4 Nf4 24. Qd2 Qc6 25. b5 axb5 26. Bxb5 Qxe4 27. Qe3 Qxe3 28. fxe3 Ne6 29. Nd2 d5 30. Nf3 e4 31. Nd4 Rfd8 32. Kf2 Nc5 33. Ke2 Bf6 34. Rb1 Ra8 35. Rb4 Kf8 36. Rdb1 g6 37. Kd2 Bg7 38. Nb3 Na6 39. Bxa6 bxa6 40. Nd4 Rdc8 41. Rb7 Be5 42. Rd7 Rab8 43. Rxb8 Rxb8 44. Rxd5 Bxh2 45. Ra5 Ra8 46. c4 Ke8 47. Nb3 Bc7 48. Rc5 Kd7 49. Rd5+ Ke7 50. Nc5 Rd8 51. Rxd8 Bxd8 52. Nxe4 Bc7 53. Nc5 a5 54. Nb3 Kd6 55. Kd3 f5 56. Kd4 g5 57. c5+ Ke6 58. Kc4 h5 59. Nd4+ Ke5 60. Nb5 Bd8 61. c6 Ke4 62. c7 Bxc7 63. Nxc7 Kxe3 64. Kb5 Kf2 65. Ne6 Kxg2 66. Nxg5 h4 67. Kxa5 h3 68. Nxh3 Kxh3 69. Kb6 1/2-1/2

[Event "Werther Schloss op-B 12th"]
[Site "Werther"]
[Date "2006.04.08"]
[Round "3"]
[White "Witte, Matthias"]
[Black "Kwapinski, Leszek"]
[Result "1/2-1/2"]
[WhiteElo "2062"]
[BlackElo "1931"]
[PlyCount "115"]
[EventDate "2006.04.07"]
[EventType "swiss"]
[EventRounds "5"]
[EventCountry "GER"]
[SourceTitle "EXT 2008"]
[Source "ChessBase"]
[SourceDate "2007.11.25"]
[SourceVersion "1"]
[SourceVersionDate "2007.11.25"]
[SourceQuality "1"]

1. d4 Nf6 2. c4 g6 3. Nc3 d5 4. Bf4 Bg7 5. Nf3 c5 6. dxc5 Qa5 7. cxd5 Nxd5 8. Qxd5 Bxc3+ 9. Bd2 Bxd2+ 10. Qxd2 Qxd2+ 11. Nxd2 Na6 12. Rc1 Be6 13. a3 Rc8 14. b4 b6 15. e3 Nb8 16. Bc4 Bxc4 17. Rxc4 bxc5 18. bxc5 Nd7 19. Ke2 Ne5 20. Rc3 Kd7 21. Nb3 Rhd8 22. Rd1+ Kc7 23. Rxd8 Rxd8 24. f4 Ng4 25. h3 Nf6 26. Nd4 Ne4 27. Rc4 Ng3+ 28. Kf3 Nf5 29. Nb5+ Kb7 30. g4 a6 31. Nc3 Nh6 32. Ne4 Rd3 33. c6+ Kc7 34. a4 Rb3 35. Nc3 e6 36. Ke4 f5+ 37. Ke5 fxg4 38. hxg4 Nxg4+ 39. Kxe6 Nxe3 40. Nd5+ Nxd5 41. Kxd5 Rd3+ 42. Ke5 Rd6 43. Rb4 Rxc6 44. Kd5 Rf6 45. Ke5 Rf5+ 46. Ke4 h5 47. Rc4+ Kd7 48. Rb4 h4 49. Rb6 Rh5 50. Rxg6 h3 51. Rg1 h2 52. Rh1 Ke6 53. Kf3 Rh3+ 54. Kg2 Ra3 55. Rxh2 Rxa4 56. Kf3 Ra1 57. Ke4 Ra4+ 58. Kd3 1/2-1/2

[Event "North Sea Cup 20th"]
[Site "Esbjerg"]
[Date "2005.07.09"]
[Round "9"]
[White "Poulsen, Iver"]
[Black "Kwapinski, Leszek"]
[Result "1-0"]
[WhiteElo "2187"]
[BlackElo "1925"]
[PlyCount "101"]
[EventDate "2005.07.02"]
[EventType "swiss"]
[EventRounds "9"]
[EventCountry "DEN"]
[SourceTitle "CBM 107 Extra"]
[Source "ChessBase"]
[SourceDate "2005.09.01"]
[SourceVersion "1"]
[SourceVersionDate "2005.09.01"]
[SourceQuality "1"]

1. e4 Nf6 2. e5 Nd5 3. d4 d6 4. Nf3 dxe5 5. Nxe5 Nd7 6. Nxd7 Bxd7 7. Be2 Bf5 8. c4 Nf6 9. 0-0 e6 10. Nc3 Be7 11. Qb3 0-0 12. Rd1 b6 13. h3 c6 14. Bf3 Qc7 15. Be3 Rac8 16. Rac1 e5 17. d5 e4 18. Be2 Rfd8 19. Qa4 Qe5 20. dxc6 Bd6 21. g3 Bxh3 22. Bf4 Qe6 23. Bxd6 Rxd6 24. Rxd6 Qxd6 25. Rd1 Qe5 26. Nd5 Ng4 27. Nf4 e3 28. Nxh3 exf2+ 29. Kf1 Re8 30. Bxg4 Qe1+ 31. Rxe1 fxe1Q+ 32. Kg2 f5 33. Bf3 g5 34. c7 g4 35. Bd5+ Kh8 36. Nf2 f4 37. gxf4 g3 38. Ne4 Qe2+ 39. Kxg3 Qe3+ 40. Kg2 Qe2+ 41. Nf2 Qe7 42. Qxa7 Qg7+ 43. Kf1 Qxb2 44. Qb8 Qb1+ 45. Kg2 Qg6+ 46. Kh2 Qh5+ 47. Kg3 Qg6+ 48. Ng4 Qd3+ 49. Kh4 Qe2 50. c8Q Qe1+ 51. Kh5 1-0

[Event "North Sea Cup 20th"]
[Site "Esbjerg"]
[Date "2005.07.06"]
[Round "6"]
[White "Kwapinski, Leszek"]
[Black "Nielsen, Nicholas"]
[Result "0-1"]
[WhiteElo "1925"]
[BlackElo "2234"]
[PlyCount "94"]
[EventDate "2005.07.02"]
[EventType "swiss"]
[EventRounds "9"]
[EventCountry "DEN"]
[SourceTitle "CBM 107 Extra"]
[Source "ChessBase"]
[SourceDate "2005.09.01"]
[SourceVersion "1"]
[SourceVersionDate "2005.09.01"]
[SourceQuality "1"]

1. e4 c5 2. Nf3 Nc6 3. d4 cxd4 4. Nxd4 Nf6 5. Nc3 e5 6. Ndb5 d6 7. Bg5 a6 8. Na3 b5 9. Bxf6 gxf6 10. Nd5 f5 11. Bxb5 axb5 12. Nxb5 Ra4 13. Nbc7+ Kd7 14. 0-0 Rxe4 15. Qh5 Qh4 16. Qxf7+ Be7 17. Ne6 Nd4 18. g3 Ne2+ 19. Kg2 Rg4 20. Nb6+ Kc6 21. Nxc8 Rxc8 22. Kf3 Qf6 23. Qxf6 Bxf6 24. Kxe2 Kd7 25. Nf8+ Rxf8 26. a4 Rb4 27. b3 e4 28. Ra2 Rc8 29. f3 Ke6 30. fxe4 fxe4 31. a5 d5 32. Rf4 Bg5 33. Rf1 Rd4 34. Rd1 Rxd1 35. Kxd1 Be3 36. b4 Rb8 37. a6 Ba7 38. Rb2 d4 39. b5 Kd5 40. g4 Kc4 41. Rb3 Rxb5 42. Rh3 d3 43. cxd3+ exd3 44. Rxh7 Kc3 45. Rc7+ Bc5 46. Rb7 Ra5 47. Ke1 Ra1+ 0-1

[Event "North Sea Cup 19th"]
[Site "Esbjerg"]
[Date "2004.07.09"]
[Round "8"]
[White "Bonnelykke, Ole"]
[Black "Kwapinski, Leszek"]
[Result "1-0"]
[WhiteElo "2126"]
[BlackElo "1895"]
[PlyCount "45"]
[EventDate "2004.07.03"]
[EventType "swiss"]
[EventRounds "9"]
[EventCountry "DEN"]
[SourceTitle "CBM 101 Extra"]
[Source "ChessBase"]
[SourceDate "2004.09.01"]
[SourceVersion "2"]
[SourceVersionDate "2004.09.01"]
[SourceQuality "1"]

1. e4 c5 2. Nc3 Nc6 3. g3 g6 4. Bg2 Bg7 5. d3 d6 6. f4 e6 7. Nf3 Nge7 8. 0-0 0-0 9. Ne2 Qb6 10. Kh1 d5 11. e5 d4 12. c4 Qc7 13. Ng5 Bd7 14. g4 Rab8 15. Ng3 b5 16. N3e4 h6 17. Nh3 Na5 18. Nf6+ Bxf6 19. exf6 Nc8 20. f5 Kh7 21. Qd2 g5 22. Nxg5+ Kg8 23. Ne4 1-0